000
00320 a2200121 4500
001
146929
040
_c
Escola São Tomás de Aquino
100
_a
BRAGA, Edson Rocha
240
1
0
_a
Aladim e a lâmpada maravilhosa
_l
por
245
1
0
_a
Aladim e a lâmpada maravilhosa
697
_a
*LITERATURA INFANTO JUVENIL
942
_c
BK
999
_c
146929
_d
146929